000 00766nam a2200229 a 4500
001 48735
003 BD-RjUL
005 20211209054557.0
008 160816s1992 BG |||| |||| 00| 0 ben d
020 _c:TK. 35.00
035 _a(BD-RjUL)48854
040 _aBD-RjUL
_bben
_cBD-RjUL
041 _aben
082 _223
_a891.441
_bBEN 1992
100 1 _aবেগম, হেলেনা
_9147021
245 1 0 _aনারী বিশ্বের বিস্ময় /
_cহেলেনা বেগম
260 _aরাজশাহী :
_bঅয়ন প্রকাশনী,
_c১৯৯২
300 _a৮০ পৃ ;
_c২১ সেমি.
650 _aবাংলা কবিতা
_9146440
650 _aBengali Poetry
_9146441
942 _2ddc
_cBK
999 _c48735
_d48735